000 00714nam a2200289Ia 4500
005 20260324113800.0
008 008 260324s9999 xx 000 0 eng d
020 _a9781315210643
037 _aEBOOK
040 _aCRL
040 _beng
040 _cCRL
041 _2eng
041 _aeng
084 _qCRL
100 _aChristopher K. Walker
_91148151
245 0 _aInvestigating Life in the Universe
245 0 _bAstrobiology and the Search for Extraterrestrial Life
260 _bTaylor and Francis
260 _c2023
365 _a
365 _b290
856 _uhttp://www.taylorfrancis.com/books/9781315210643
942 _cEBOOK
999 _c1737981
_d1737981